La fragua del cine /

A través de la ficha técnica, la sinopsis y un pequeño comentario de quinientas películas, consideradas las imprescindibles, se da cuenta de la historia del cine durante su primer siglo de vida.

Enregistré dans:
Détails bibliographiques
Auteur principal: Jurado, José César (autor)
Autres auteurs: López, Oscar (autor) (autor)
Format: Livre
Langue:espagnol
Publié: Alcalá de Henares, España : Universidad de Alcalá, 2002
Sujets:
Tags: Ajouter un tag
Pas de tags, Soyez le premier à ajouter un tag!

MARC

LEADER 00000nam^a2200000^a^4500
001 000154399
005 20250521000000.0
009 20260310100354.446
020 |a 84-8138-532-8 
037 |a Acervo ITESO - Biblioteca 
041 |a ESP 
082 |a 302. 235  |b JUR 
100 |a Jurado, José César  |e (autor) 
245 1 3 |a La fragua del cine /  |c J.C. Jurado, O. López. 
264 1 |a Alcalá de Henares, España :  |b Universidad de Alcalá,  |c 2002 
300 |a 656 p. 
336 |a texto  |b txt  |2 rdacontenido 
337 |a sin mediación  |b n  |2 rdamedio 
338 |a volumen  |b nc  |2 rdasoporte 
520 |a A través de la ficha técnica, la sinopsis y un pequeño comentario de quinientas películas, consideradas las imprescindibles, se da cuenta de la historia del cine durante su primer siglo de vida. 
649 |a XX 
650 |a Actores 
650 |a Cineastas 
650 |a Géneros Cinematográficos 
650 |a Cine Norteamericano -  |x Historia y Crítica 
650 |a Cine Español -  |x Historia y Crítica 
650 |a Cine Mexicano -  |x Historia y Crítica 
650 |a Cine Brasileño -  |x Historia y Crítica 
650 |a Cine Italiano -  |x Historia y Crítica 
650 |a Cine Francés -  |x Historia y Crítica 
650 |a Cine Argentino -  |x Historia y Crítica 
650 |a Cine Colombiano -  |x Historia y Crítica 
650 |a Cine Cubano -  |x Historia y Crítica 
650 |a Cine Peruano -  |x Historia y Crítica 
650 |a Cine de Autor -  |y Siglo XX 
650 |a Cine de Autor -  |x Historia y Crítica 
650 |a Cine -  |y Siglo XX 
650 |a Cine -  |x Historia y Crítica 
700 |a López, Oscar  |e (autor) 
910 |a Fondo General 
920 |a Impresos - Libros 
930 |a Colección General 
905 |a 101 
901 |a 0500085869  |b IT1  |c ACC  |u 20250521 
902 |a https://opac.biblio.iteso.mx/vufind/Record/000154399